Kieszonkowa encyklopedia dla krzyżówkowiczów : [żeglarstwo, monety, minerały, skały, wiatry, naczynia, militaria, herby, tkaniny, odzież] /

Gardado en:
Detalles Bibliográficos
Autor Principal: Leki, Franciszek
Autor Corporativo: "Videograf"
Outros autores: Piekarski, Mirosław
Formato: Libro
Idioma:polaco
Publicado: Katowice : "Videograf", 1993.
Series:Kieszonkowa Encyklopedia 18
Kieszonkowa Encyklopedia. Kieszonkowa Encyklopedia dla Krzyżówkowiczów
Subjects:
Tags: Engadir etiqueta
Sen Etiquetas, Sexa o primeiro en etiquetar este rexistro!

MARC

LEADER 00000cam a2200000 i 4500
001 9910932407105606
005 20260515140228.0
008 971213s1993 pl e |000 0 pol c
020 |a 8385516379 
035 |a 1604-48omnis_uja 
035 |a (UJ)vtls000001604 
035 |a xx001636162 
035 |a (PL)b0000010000565 
040 |a KR U  |c KR U 
090 |c 116  |d 115 
100 1 |a Leki, Franciszek 
245 1 0 |a Kieszonkowa encyklopedia dla krzyżówkowiczów :  |b [żeglarstwo, monety, minerały, skały, wiatry, naczynia, militaria, herby, tkaniny, odzież] /  |c Franciszek Leki, Mirosław Piekarski. 
260 |a Katowice :  |b "Videograf",  |c 1993. 
300 |a 204 s. ;  |c 16 cm. 
490 1 |a Kieszonkowa Encyklopedia ;  |v 18 
490 1 |a Kieszonkowa Encyklopedia. Kieszonkowa Encyklopedia dla Krzyżówkowiczów 
650 |a Krzyżówki  |v poradniki. 
650 0 |a Crossword puzzles  |v Glossaries, vocabularies, etc. 
700 1 |a Piekarski, Mirosław 
710 2 |a "Videograf" 
830 0 |a Kieszonkowa Encyklopedia  |v 18 
830 0 |a Kieszonkowa Encyklopedia.  |p Kieszonkowa Encyklopedia dla Krzyżówkowiczów 
920 |a 83-85516-37-9 : zł 34900 
920 |a 83-85516-37-9 zł 34900 
942 |c K 
952 |0 0  |1 0  |4 0  |6 R__84_000000000000000  |7 0  |9 109  |a RYT  |b RYT  |d 2026-05-13  |e 1/2014  |g 10.00  |l 0  |o R.84  |p 2000000000848  |r 2026-05-15 14:02:28  |w 2026-05-15  |y BK  |z da 
999 |c 109  |d 109